Shaping wood : a new woodworking approach
| Main Author: | |
|---|---|
| Format: | Book |
| Published: |
Blue Ridge Summit :
TAB Books ,
1992
|
| Subjects: |
MARC
| LEADER | 00000cam a2200000 7i4500 | ||
|---|---|---|---|
| 001 | 0000002074 | ||
| 002 | 000002267 | ||
| 005 | 20000330.0 | ||
| 020 | |a 0830639365 | ||
| 090 | 0 | 0 | |a 684.08 |b HAC |
| 100 | 1 | |a Hackett, Douglas | |
| 245 | 1 | 0 | |a Shaping wood : |b a new woodworking approach |c Douglas Hackett |
| 260 | |a Blue Ridge Summit : |b TAB Books , |c 1992 | ||
| 300 | |a 164p | ||
| 650 | 0 | 0 | |a Woodwork |
| 999 | |a 028115 |b BUKU |c PINJAMAN |e PERPUSTAKAAN KOMUNITI PETALING JAYA | ||